000 00342nam a2200157Ia 4500
100 _aNaughton Patrick/ Schildt/ H.
250 _a3
942 _cBK
654 _aComputer
245 _aComplete Reference Java 2
260 _bTata Mc Graw hill
_c1999
082 _a005.133'J'
_bNAU
300 _a1108
546 _aENGLISH
999 _c23598
_d23598